Normal view
MARC view
- Plant Biotechnology
Entry Topical Term
001 - CONTROL NUMBER
- control field: 39976
003 - CONTROL NUMBER IDENTIFIER
- control field: OSt
005 - DATE AND TIME OF LATEST TRANSACTION
- control field: 20260404104006.0
008 - FIXED-LENGTH DATA ELEMENTS
- fixed length control field: 260404|| aca||aabn | a|a d
040 ## - CATALOGING SOURCE
- Original cataloging agency: OSt
- Transcribing agency: OSt
150 ## - HEADING--TOPICAL TERM
- Topical term or geographic name entry element: Plant Biotechnology
- Geographic subdivision: India
670 ## - SOURCE DATA FOUND
- Source citation: Work cat.: (OSt)90129: Singh B D 39427, Plant Biotechnology, 2026




